=LDR 00000nam 2200000 4500 =001 INLIS000000000001065 =005 20130612085458 =008 ***********************************Ind** =035 ##$$0010-061300000001065 =041 ##$$a Ind =082 ##$$a 372.4 =090 ##$$a 372.4, Tha-p =100 ##$$a THACHIR, A. Malik =245 ##$$a Pandai membaca dan menulis 2b untuk SD kelas 2, Malik Thachir, Zulfahnur Z.F =260 ##$$a 1997 $b Jakarta =300 ##$$a xi, 111 hlm, ilus, 21 cm =650 ##$$a Pendidikan Dasar =650 ##$$a Membaca =850 ##$$a NBPNMAT